Butterfly Meadow : (Record no. 4262)

MARC details
000 -LEADER
fixed length control field 01197nam a22002777a 4500
001 - CONTROL NUMBER
control field 4262
003 - CONTROL NUMBER IDENTIFIER
control field FISKH
005 - DATE AND TIME OF LATEST TRANSACTION
control field 20250211161025.0
008 - FIXED-LENGTH DATA ELEMENTS--GENERAL INFORMATION
fixed length control field 240710b cb ||||| |||| 00| 0 eng d
020 ## - INTERNATIONAL STANDARD BOOK NUMBER
International Standard Book Number 9780545112437
040 ## - CATALOGING SOURCE
Original cataloging agency FISKH
Language of cataloging eng
Transcribing agency FISKH
Modifying agency FISKH
050 ## - LIBRARY OF CONGRESS CALL NUMBER
Classification number PZ7
082 ## - DEWEY DECIMAL CLASSIFICATION NUMBER
Classification number 823.92
100 ## - MAIN ENTRY--PERSONAL NAME
Personal name Moss, Olivia
245 ## - TITLE STATEMENT
Title Butterfly Meadow :
Remainder of title Skipper gets spooked /
Statement of responsibility, etc. By Olivia Moss ; illustrated by Helen Turner
260 ## - PUBLICATION, DISTRIBUTION, ETC.
Place of publication, distribution, etc. New York :
Name of publisher, distributor, etc. Scholastic,
Date of publication, distribution, etc. 2009.
300 ## - PHYSICAL DESCRIPTION
Extent 65 pages :
Other physical details illustrations ;
Dimensions 20 cm
505 ## - FORMATTED CONTENTS NOTE
Formatted contents note N<br/>
520 ## - SUMMARY, ETC.
Summary, etc. "In Butterfly Meadow, colorful butterflies dance through the air, glowworms inch through the grass, and bumblebees buzz around every flower. It's a place where friendships and adventures take flight! When Skipper and her friends come across a group of moths in the meadow, they're in for a fright! They join the moths for a night flight, but everything looks extra-spooky in the dark. Will Skipper's latest adventure turn into a nightmare?"
521 8# - TARGET AUDIENCE NOTE
Target audience note 550<br/>
Source Lexile <br/>
521 8# - TARGET AUDIENCE NOTE
Target audience note N<br/>
Source Raz-Plus<br/>
650 ## - SUBJECT ADDED ENTRY--TOPICAL TERM
Topical term or geographic name entry element Fantasy
Form subdivision Fiction
700 ## - ADDED ENTRY--PERSONAL NAME
Personal name Turner, Helen
Relator term illustrator
942 ## - ADDED ENTRY ELEMENTS (KOHA)
Source of classification or shelving scheme Dewey Decimal Classification
Koha item type Books
Suppress in OPAC No
Holdings
Withdrawn status Lost status Source of classification or shelving scheme Damaged status Not for loan Collection Home library Current library Shelving location Date acquired Total Checkouts Full call number Barcode Date last seen Price effective from Koha item type Copy number
    Dewey Decimal Classification     Juvenile Fiction Footprints International School Library Network Toul Kork Campus Footprints International School Library Network Toul Kork Campus TK Primary Library Room(4th Floor), Bookcase 3&4, Shelves 17-32, Yellow Books 07/10/2024   MOS 823.92 PZ7 FISTK00208 07/10/2024 07/10/2024 Books  
    Dewey Decimal Classification     Juvenile Fiction Footprints International School Library Network Toul Kork Campus Footprints International School Library Network Toul Kork Campus TTP Primary Yellow Bookshelves 02/11/2025   MOS 823.92 PZ7 2025-0525 02/11/2025 02/11/2025 Books 2